| 000 | 00944nam a22002297a 4500 | ||
|---|---|---|---|
| 005 | 20131031145515.0 | ||
| 010 | _aHIN-78769 | ||
| 020 |
_a8175735945 _c110.00 |
||
| 035 | _aB-209811 | ||
| 037 | _bD.B.Act / ven | ||
| 037 | _bदिपला /यूबीएच | ||
| 082 | 1 | 4 | _aक |
| 245 | 1 |
_aतेनालीराम की प्रसिद्ध कहानियाँ _cश्याम दूआ द्वारा सम्पादित |
|
| 260 |
_aदिल्ली _bटिनी टाँट पब्लिकेशन्स _c2004 |
||
| 270 |
_aएच- 37, सेक्टर-63 _bनोएडा यू.पी _e201301 |
||
| 300 |
_a144पृ _bसचित्र _c23 सेमी (सजिल्द) |
||
| 650 | _aबाल कहानियाँ | ||
| 650 | _aकहानियाँ | ||
| 650 | _aChildren Storys | ||
| 700 | _aश्याम दुआ | ||
| 942 |
_adpl _cCH _kक / तेनाली _2ddc |
||
| 999 |
_c79877 _d79877 |
||